| 000 | 01015nas a2200313 4500 | ||
|---|---|---|---|
| 001 | BR2012003087 | ||
| 003 | BR-BrBNA | ||
| 005 | 20231205120512.0 | ||
| 007 | ta | ||
| 008 | 230509b bl.|||p| |||| 00| 00por d | ||
| 040 |
_aBR-BrBNA _bpor _cBiblioteca Nacional de Agricultura |
||
| 041 | _a(En) | ||
| 072 | _aF30; H10 | ||
| 100 | 1 | _aMiranda, G.B. | |
| 100 | 1 | _aSouza, R.M. | |
| 100 | 1 | _aViana, A.P. | |
| 245 | 1 | _aAssessment of methods and criteria for screening Psidium spp. for resistance to Meloidogyne enterolobii | |
| 246 | 1 | _aAssessment of methods and criteria for screening Psidium spp. for resistance to Meloidogyne enterolobii | |
| 650 | _aARAÇÁ | ||
| 650 | _aFRUTA TROPICAL | ||
| 650 | _aNEMATÓIDE | ||
| 650 | _aGALHA | ||
| 650 | _aSELEÇÃO | ||
| 650 | _aGENÓTIPO | ||
| 650 | _aVARIEDADE RESISTENTE | ||
| 773 | 0 |
_tNematologia Brasileira (Brazil) _xISSN 0102-2997 _g(Dec 2010), v. 34(4) p. 211-219 _wBR2012003087 |
|
| 909 |
_a202311 _bLúcia _c55 _dLúcia Elande |
||
| 942 |
_2AGRIS _n0 _cANA |
||
| 999 |
_c218833 _d218833 |
||